Detalles MARC
| 000 -CABECERA |
| campo de control de longitud fija |
03348nam a2200337 i 4500 |
| 003 - IDENTIFICADOR DEL NÚMERO DE CONTROL |
| campo de control |
vecauma |
| 005 - FECHA Y HORA DE LA ÚLTIMA TRANSACCIÓN |
| campo de control |
20251013185534.0 |
| 007 - CAMPO FIJO DE DESCRIPCIÓN FÍSICA--INFORMACIÓN GENERAL |
| campo de control de longitud fija |
ta |
| 008 - DATOS DE LONGITUD FIJA--INFORMACIÓN GENERAL |
| campo de control de longitud fija |
251009t1976 nju|||||r|||| 00| 0 eng d |
| 020 ## - ISBN |
| Número Internacional Estándar del Libro |
0139024948 |
| 040 ## - FUENTE DE LA CATALOGACIÓN |
| Centro catalogador/agencia de origen |
DLC |
| Lengua de catalogación |
eng |
| Centro/agencia transcriptor |
DLC |
| Centro/agencia modificador |
vecauma |
| Normas de descripción |
rda |
| 041 0# - CÓDIGO DE LENGUA |
| Código de lengua del recurso |
eng |
| 099 ## - Cota |
| Número de clasificación |
TK5101 |
| Cutter |
M3 |
| Año |
1976 |
| 100 1# - AUTOR PERSONAL |
| Nombre de persona |
Martin, James, |
| Fechas asociadas al nombre |
1933-2013 |
| Término indicativo de función/relación |
autor |
| 9 (RLIN) |
13545 |
| 245 10 - MENCIÓN DE TÍTULO |
| Título |
Telecommunications and the computer |
| Mención de responsabilidad, etc. |
/ James Martin. |
| 250 ## - MENCIÓN DE EDICIÓN |
| Mención de edición |
Second edition. |
| 264 #1 - PRODUCCIÓN, PUBLICACIÓN, DISTRIBUCIÓN, FABRICACIÓN Y COPYRIGHT |
| Producción, publicación, distribución, fabricación y copyright |
Englewood Cliffs, New Jersey : |
| Nombre del de productor, editor, distribuidor, fabricante |
Prentice-Hall, |
| Fecha de producción, publicación, distribución, fabricación o copyright |
1976. |
| 264 #4 - PRODUCCIÓN, PUBLICACIÓN, DISTRIBUCIÓN, FABRICACIÓN Y COPYRIGHT |
| Fecha de producción, publicación, distribución, fabricación o copyright |
©1976. |
| 300 #1 - DESCRIPCIÓN FÍSICA |
| Extensión |
670 páginas. |
| 336 ## - TIPO DE CONTENIDO |
| Término de tipo de contenido |
texto |
| Código de tipo de contenido |
txt |
| Fuente |
rdacontenido |
| 337 ## - TIPO DE MEDIO |
| Nombre/término del tipo de medio |
no mediado |
| Código del tipo de medio |
n |
| Fuente |
rdamedio |
| 338 ## - TIPO DE SOPORTE |
| Nombre/término del tipo de soporte |
volumen |
| Código del tipo de soporte |
nc |
| Fuente |
rdasoporte |
| 490 0# - MENCIÓN DE SERIE |
| Mención de serie |
Prentice-Hall series in automatic computation |
| 504 ## - NOTA DE BIBLIOGRAFÍA, ETC. |
| Nota de bibliografía, etc. |
Incluye referencias bibliográficas e índice. |
| 505 0# - NOTA DE CONTENIDO CON FORMATO |
| Nota de contenido con formato |
The Future. -- Organizations Involved in Telecommunications . -- Terminals and Codes . -- Systems Which Use Data Transmission. -- <br/>Man-Computer Dialogue. -- The Structure of Telecommunication Networks . -- DC Signaling. -- AC Signaling and Bandwidth. -- <br/>Transmission Media. -- Attenuation and Repeaters. -- Modulation and Demodulation. -- Multiplexing. -- Trunks and Wideband Facilities. -- PCM: A Revolution Begins. -- Communication Satellites. -- The Maximum Capacity of a Channel. -- Line Termination Equipment for Data Transmission. -- Tariffs. -- Telephone Switching. -- Computer-Controlled Circuit Switching. -- Control Signaling. -- Private Branch Exchanges. -- Message Switching. -- Packet Switching. -- Time-Division Switching. -- Concentration and Demand Assignment. -- Noise and Distortion. -- Line Failures. -- Data Errors. -- The Treatment of Errors. -- Delays and Blocking. |
| 520 3# - SUMARIO, ETC. |
| Sumario, etc. |
Una edición completamente reescrita y reorganizada del libro más vendido del mundo sobre telecomunicaciones. Describe uno de los desarrollos más emocionantes de este siglo: la unión de la tecnología de las telecomunicaciones y la tecnología informática. Está dirigido a aquellos en el campo de la informática que necesitan saber cómo las computadoras utilizan sus instalaciones. En términos claros y legibles, este libro proporciona información detallada sobre la industria de más rápido crecimiento del mundo, con especial énfasis en los equipos de comunicaciones y de operador común. Características destacadas de esta nueva edición: Explicación de cómo funciona el sistema Bell. Explicación de los cambios revolucionarios que están arrasando la tecnología de las telecomunicaciones y cómo la nueva tecnología afecta a la industria informática. Nueva sección que describe las imperfecciones de las instalaciones de telecomunicaciones del mundo cuando son utilizadas por las computadoras. Secciones separadas sobre transmisión y conmutación. Analiza el más emocionante de todos los desarrollos de las telecomunicaciones: los satélites. Énfasis en los desarrollos y estándares internacionales: muchas referencias a las Recomendaciones y Estándares del CCITT. Un tema muy complejo, explicado con claridad y profundidad. Ilustraciones prácticas integradas. Un glosario muy completo. |
| 650 10 - PUNTO DE ACCESO ADICIONAL DE MATERIA--TÉRMINO DE MATERIA |
| 9 (RLIN) |
13543 |
| Término de materia |
TELECOMUNICACIONES |
| 650 10 - PUNTO DE ACCESO ADICIONAL DE MATERIA--TÉRMINO DE MATERIA |
| 9 (RLIN) |
13544 |
| Término de materia |
SISTEMAS DE TRANSMISION DE DATOS |
| 942 #1 - ELEMENTOS DE ENTRADA AGREGADA (KOHA) |
| Fuente del sistema de clasificación o colocación |
Library of Congress Classification |
| Ocultar en OPAC |
No |
| Tipo de ítem Koha |
Libros |